| 000 | 00568pam a2200157a 44500 | ||
|---|---|---|---|
| 008 | 230405s2018 xxu||||| |||| 00| 0 eng d | ||
| 041 | _aMAR | ||
| 100 | _aनांदवडेकर , व्ही डी | ||
| 245 | _aअक्षरबंध [ मराठी बी.ए -१ विद्याशात्रीय विशेष गाभा ] | ||
| 260 |
_aKOLHAPUR _bशिवाजी विद्यापीठ _c2018 |
||
| 300 | _a158p. | ||
| 440 | _aSOURES= BEST BOOK SUPPLIERS , KOLHAPUR | ||
| 650 | _aMARATHI | ||
| 690 | _aMARATHI | ||
| 906 | _a13027 | ||
| 999 |
_c793236 _d793236 |
||